| 000 | 01417nam0a22002531 4500 | ||
|---|---|---|---|
| 001 | rc\491926 | ||
| 005 | 20260406114920.0 | ||
| 035 | _a(NLR Aleph) 005733806 | ||
| 090 |
_a7606896 _c7606896 |
||
| 100 | _a20030616d1987 |||y0rusy50 ca | ||
| 101 | 0 | _arus | |
| 102 | _aRU | ||
| 105 | _aa ||||||||| | ||
| 200 | 1 |
_aМетодические рекомендации по формированию Единой системы результатов исследования комбинированного, сочетанного и комплексного действия факторов окружающей среды _eМР-ЕС-КСКД - ФОС _fАМН СССР. Пробл. комис. союз. значения "Науч. основы гигиены окружающей среды", НИИ общ. и коммун. гигиены им. А.Н. Сысина _g[Разраб. к. т. н. Литвинов Н.Н. и др.] |
|
| 210 |
_aМ. _cБ. и. _d1987 |
||
| 215 |
_a[1], 19 с. _cсхем. _d20 |
||
| 320 | _aБиблиогр.: с. 4 | ||
| 702 | 1 |
_aЛитвинов _bН.Н. _gНиколай Николаевич _4570 |
|
| 712 | 0 | 2 |
_aАМН СССР _bПроблемная комиссия "Научные основы гигиены окружающей среды" _9295073 _3RU\NLR\AUTH\8811198 |
| 801 | 0 |
_aRU _bNLR _gpsbo |
|
| 801 | 1 |
_aRU _bELAR _2rusmarc |
|
| 852 |
_aNLR _j88-4/15219 |
||
| 942 | _cBOOK | ||
| 980 | _aNB | ||